[Event "AUTO-MASTER-1037"]
[Site "http://www.queenalice.com/game.php?id=900004"]
[Date "2011.2.13"]
[Round "2"]
[White "Miras"]
[Black "bukbuk"]
[Result "1-0"]
[WhiteElo "2390"]
[BlackElo "2391"]

1. d4 d5 2. c4 dxc4 3. e4 e5 4. Nf3 exd4 5. Bxc4 Bb4+ 6. Bd2 Bxd2+ 7. Nbxd2 c5
8. O-O Qb6 9. Ne5 Nh6 10. Rc1 Nd7 11. Nd3 O-O 12. Re1 a5 13. Nb3 a4 14. Nbxc5
Nxc5 15. Nxc5 Qxb2 16. h3 b6 17. Nd3 Qa3 18. Nf4 Rd8 19. Bd5 Ra6 20. Qxd4 Qe7
21. Red1 g6 22. Rc6 Qg5 23. g3 Ra7 24. Rdc1 Bd7 25. h4 Qg4 26. Rd6 Rb8 27. Kg2
Bb5 28. f3 Qd7 29. Nxg6 hxg6 30. Rxg6+ Kf8 31. Qh8+ Ke7 32. Qf6+ Ke8 33. Rxh6
Qe7 34. Bxf7+ Qxf7 35. Rh8+ 1-0

[Event "AUTO-MASTER-1037"]
[Site "http://www.queenalice.com/game.php?id=900005"]
[Date "2011.2.13"]
[Round "2"]
[White "bukbuk"]
[Black "Miras"]
[Result "1/2-1/2"]
[WhiteElo "2380"]
[BlackElo "2401"]

1. e4 e6 2. Nf3 d5 3. e5 c5 4. c3 Nc6 5. Be2 d4 6. Bb5 Bd7 7. Na3 Nge7 8. O-O
Ng6 9. Re1 Be7 10. Bxc6 Bxc6 11. d3 dxc3 12. bxc3 O-O 13. Nc4 b5 14. Nb2 Qa5 15.
Bd2 Qa3 16. Qb3 Qxb3 17. axb3 Bxf3 18. gxf3 Nh4 19. Re2 b4 20. Nc4 Rfd8 21. f4
Rxd3 22. cxb4 cxb4 23. Re3 Rd4 24. Re2 a5 25. Kf1 a4 26. Be3 Rxc4 27. bxc4 a3
28. Rb1 a2 29. Ra1 b3 30. Rb2 Ra3 31. c5 Nf5 32. c6 Bb4 33. c7 Ne7 34. Ke2 Bc3
35. Rd1 h6 36. Bc5 Bxb2 37. Bxe7 Ra8 38. Rd8+ Rxd8 39. cxd8=Q+ Kh7 40. Qd3+ g6
41. Bf6 a1=Q 1/2-1/2

[Event "Challenge"]
[Site "http://www.queenalice.com/game.php?id=910774"]
[Date "2011.3.10"]
[Round "-"]
[White "Miras"]
[Black "zdzicho"]
[Result "1/2-1/2"]
[WhiteElo "2392"]
[BlackElo "2327"]

1. e4 e6 2. d4 d5 3. Nc3 Bb4 4. e5 c5 5. a3 Bxc3+ 6. bxc3 Ne7 7. Qg4 Qc7 8. Qxg7
Rg8 9. Qxh7 cxd4 10. Ne2 Nbc6 11. f4 Bd7 12. Qd3 dxc3 13. Nxc3 a6 14. Ne2 Rc8
15. Rb1 Na5 16. Nd4 Ba4 17. c3 Nac6 18. Bd2 Nxd4 19. Qxd4 b5 20. Rb2 Nc6 21. Qc5
Qd8 22. Qf2 d4 23. c4 d3 24. cxb5 Bxb5 25. a4 Bxa4 26. Qb6 Qd5 27. Qxa6 Qe4+ 28.
Kf2 Qd4+ 29. Ke1 Rd8 30. Qb6 Qc4 31. Kf2 Rg4 32. Qe3 Ne7 33. h3 Nf5 34. Qa7
Rxf4+ 35. Kg1 Bc2 36. Rb7 Qd4+ 37. Qxd4 Rfxd4 38. Kf2 Nh4 39. Bg5 d2 40. Be2
d1=Q 41. Bxd1 Bxd1 42. Bxd8 Rxd8 43. Rb5 Rd3 44. g3 Nf5 45. g4 Nh4 46. Re1 Rf3+
47. Kg1 Ba4 48. Rb4 Bd7 49. Rb8+ Ke7 50. Rb7 Rd3 51. Kf2 Ng6 52. Re3 Rd5 53. Kg3
Nxe5 54. h4 Nc4 55. Rc3 Nd6 56. Rb4 e5 57. h5 e4 58. Kh4 f6 59. Re3 Rg5 60.
Rexe4+ Nxe4 61. Rxe4+ Kf7 62. Rd4 Be6 63. Rf4 Rd5 1/2-1/2

[Event "Let's Play Chess!"]
[Site "http://www.queenalice.com/game.php?id=921070"]
[Date "2011.4.3"]
[Round "-"]
[White "Miras"]
[Black "rotwein"]
[Result "1-0"]
[WhiteElo "2418"]
[BlackElo "2235"]

1. e4 c5 2. Nf3 e6 3. d4 cxd4 4. Nxd4 a6 5. Bd3 Nc6 6. Nxc6 dxc6 7. O-O e5 8.
Nd2 Be6 9. Nf3 Bd6 10. Ng5 Qe7 11. Nxe6 Qxe6 12. Bc4 Qxc4 13. Qxd6 Qe6 14. Qxe6+
fxe6 15. b3 Nf6 16. f3 O-O-O 17. c4 Rd3 18. Bb2 Nd7 19. Rad1 Rxd1 20. Rxd1 c5
21. Kf2 Kc7 22. a4 b5 23. cxb5 axb5 24. Bc3 Rb8 25. Ke1 c4 26. Bb4 Rb7 27. a5
cxb3 28. Rc1+ Kb8 29. Rb1 Ka7 30. Rxb3 Rc7 31. Bd2 Ka6 32. Rd3 Nc5 33. Rd6+ Kb7
34. Rb6+ Ka7 35. Be3 1-0

[Event "Let's Play Chess!"]
[Site "http://www.queenalice.com/game.php?id=921071"]
[Date "2011.4.3"]
[Round "-"]
[White "rotwein"]
[Black "Miras"]
[Result "0-1"]
[WhiteElo "2229"]
[BlackElo "2416"]

1. d4 Nf6 2. c4 g6 3. g3 Bg7 4. Bg2 d5 5. cxd5 Nxd5 6. Nf3 O-O 7. O-O Nb6 8. Nc3
Nc6 9. d5 Na5 10. e4 c6 11. Bg5 h6 12. Bf4 Bg4 13. h3 e5 14. Be3 Bc8 15. Bc5 Re8
16. Nd2 cxd5 17. exd5 f5 18. Bb4 Nac4 19. Nxc4 Nxc4 20. b3 a5 21. bxc4 axb4 22.
Nb5 e4 23. Rb1 Rxa2 24. Rxb4 e3 25. fxe3 Rxe3 26. Ra4 Rb2 27. Rf3 Ree2 28. Bf1
Qb6+ 0-1

[Event "AUTO-ELITE-743"]
[Site "http://www.queenalice.com/game.php?id=921332"]
[Date "2011.4.3"]
[Round "1"]
[White "toninhojit"]
[Black "Miras"]
[Result "1/2-1/2"]
[WhiteElo "2300"]
[BlackElo "2422"]

1. d4 Nf6 2. c4 e6 3. Nf3 Bb4+ 4. Nbd2 b6 5. g3 Bb7 6. Bg2 O-O 7. O-O d5 8. cxd5
exd5 9. Ne5 Re8 10. Ndc4 Qc8 11. Ne3 Bd6 12. Nd3 Nc6 13. Nf4 Ne7 14. Bh3 Qd8 15.
Ng4 Nxg4 16. Bxg4 c5 17. Bf3 Qd7 18. dxc5 Bxc5 19. Rb1 a5 20. b3 d4 21. Bxb7
Qxb7 22. Nd3 Nd5 23. Bb2 Rac8 24. Nxc5 bxc5 25. Rc1 f5 26. Qd2 a4 27. bxa4 f4
28. Qc2 Qa6 29. Rfd1 Qe6 30. a5 Kh8 31. Qc4 h5 32. a6 h4 33. gxh4 Qg6+ 34. Kh1
Qc6 35. f3 Ne3 36. Qf7 Nxd1 37. Bxd4 Qc7 38. Bxg7+ Kh7 39. Qf5+ Kxg7 40. Rxd1
Re7 41. Rg1+ Kh8 42. Qf6+ Rg7 1/2-1/2

[Event "AUTO-ELITE-743"]
[Site "http://www.queenalice.com/game.php?id=921333"]
[Date "2011.4.3"]
[Round "1"]
[White "Miras"]
[Black "toninhojit"]
[Result "1/2-1/2"]
[WhiteElo "2420"]
[BlackElo "2296"]

1. e4 c5 2. Nf3 Nc6 3. d4 cxd4 4. Nxd4 Nf6 5. Nc3 e5 6. Ndb5 d6 7. Bg5 a6 8. Na3
b5 9. Nd5 Be7 10. Bxf6 Bxf6 11. c3 Bg5 12. Nc2 O-O 13. a4 Rb8 14. h4 Bh6 15. g4
Bf4 16. axb5 axb5 17. Be2 Be6 18. Ra6 Bxd5 19. Qxd5 Rb6 20. Rxb6 Qxb6 21. Qxb5
Qxb5 22. Bxb5 Rb8 23. c4 Na7 24. Rh3 h5 25. Rb3 hxg4 26. Nb4 g6 27. Nd5 Kg7 28.
Ke2 Kh6 29. Rb4 Nc8 30. Be8 Rxb4 31. Nxb4 g3 32. Kf1 Ne7 33. Bxf7 Kh5 34. fxg3
Bxg3 35. Na6 Bxh4 36. b4 Bg5 37. Ke2 Nc6 38. b5 Nd4+ 39. Kf2 Bh4+ 40. Kg2 Bd8
41. Nb8 Kg5 42. Nd7 Nb3 43. b6 Nc5 44. Nxc5 dxc5 1/2-1/2

[Event "AUTO-ELITE-743"]
[Site "http://www.queenalice.com/game.php?id=921340"]
[Date "2011.4.3"]
[Round "1"]
[White "Miras"]
[Black "josekasparov"]
[Result "0-1"]
[WhiteElo "2418"]
[BlackElo "2309"]

1. e4 c5 2. Nf3 d6 3. d4 cxd4 4. Nxd4 Nf6 5. Nc3 a6 6. Bg5 e6 7. f4 Qb6 8. Qd2
Qxb2 9. Nb3 Qa3 10. Bd3 Be7 11. O-O h6 12. Bh4 Nxe4 13. Nxe4 Bxh4 14. f5 exf5
15. Nc3 O-O 16. Bxf5 Bxf5 17. Rxf5 Nc6 18. Rd1 Rae8 19. Qd3 Bd8 20. Rf4 Bb6+ 21.
Kh1 Re3 22. Qd2 Rfe8 23. Nd5 Re2 24. Qd3 Re1+ 25. Rf1 Rxd1 26. Qxd1 Bd8 27. Qg4
Re6 28. Qf3 Ne5 29. Qe4 a5 30. Nd4 Qa4 31. c3 Re8 32. Qb1 Qc4 33. Ne3 Qxc3 34.
Ndf5 Qd3 35. h3 Bg5 36. Qxd3 Nxd3 37. Nc4 Re2 38. Nxa5 b5 39. a3 Ra2 0-1

[Event "AUTO-ELITE-743"]
[Site "http://www.queenalice.com/game.php?id=921341"]
[Date "2011.4.3"]
[Round "1"]
[White "josekasparov"]
[Black "Miras"]
[Result "0-1"]
[WhiteElo "2331"]
[BlackElo "2420"]

1. d4 Nf6 2. c4 e6 3. Nf3 d5 4. Nc3 Nbd7 5. Bg5 Bb4 6. e3 c5 7. cxd5 exd5 8. Bd3
c4 9. Bf5 h6 10. Bh4 Nb6 11. Bxc8 Rxc8 12. O-O O-O 13. Ne5 Bxc3 14. bxc3 Qd6 15.
f3 Nfd7 16. Nxd7 Qxd7 17. e4 dxe4 18. fxe4 f5 19. exf5 Rxf5 20. Qc2 Rff8 21. Bg3
Nd5 22. Be5 Rxf1+ 23. Rxf1 Ne3 24. Qg6 Nxf1 25. Kxf1 Rc6 26. Qe4 Rb6 27. h3 Rb2
28. a3 Rb3 29. d5 Rb5 30. Qxc4 Qf5+ 31. Qf4 Rb1+ 32. Ke2 Qc2+ 33. Ke3 Re1+ 34.
Kd4 b6 35. d6 Rd1+ 0-1

[Event "QA-ANNIV-06"]
[Site "http://www.queenalice.com/game.php?id=924393"]
[Date "2011.4.10"]
[Round "4"]
[White "Chezzdevil"]
[Black "Miras"]
[Result "1-0"]
[WhiteElo "2432"]
[BlackElo "2426"]

1. d4 Nf6 2. c4 e6 3. Nc3 Bb4 4. f3 d5 5. a3 Bxc3+ 6. bxc3 O-O 7. cxd5 exd5 8.
e3 Bf5 9. Ne2 Nbd7 10. Ng3 Bg6 11. Bd3 c5 12. O-O Re8 13. Bxg6 hxg6 14. Ra2 Rc8
15. Re2 Qa5 16. Qd3 Nf8 17. e4 Ne6 18. Rb2 Re7 19. e5 Nh7 20. f4 cxd4 21. cxd4
Rc3 22. Qd1 Rxa3 23. f5 gxf5 24. Bd2 Qa6 25. Nxf5 Rc7 26. Bb4 Rd3 27. Qg4 Kh8
28. Bd6 Rc4 29. Bc5 Qc6 30. Nd6 Nxd4 31. Bxd4 Rdxd4 32. Qh5 Rc1 33. Rf2 Rb4 34.
h4 1-0

[Event "Let's Play Chess!"]
[Site "http://www.queenalice.com/game.php?id=969404"]
[Date "2011.8.6"]
[Round "-"]
[White "Miras"]
[Black "Scharlatan"]
[Result "1-0"]
[WhiteElo "2406"]
[BlackElo "2148"]

1. e4 e6 2. d4 d5 3. Nd2 dxe4 4. Nxe4 Bd7 5. Nf3 Bc6 6. Bd3 Nd7 7. O-O Ngf6 8.
Ng3 Be7 9. Qe2 Bxf3 10. Qxf3 c6 11. c3 O-O 12. Re1 Re8 13. a4 a5 14. Nh5 Nf8 15.
Nxf6+ Bxf6 16. Bf4 Ng6 17. Bg3 Bh4 18. Be5 Qb6 19. Re2 Rad8 20. Qh5 Be7 21. Re3
f5 22. Rh3 Nf8 23. Rg3 Ng6 24. Rxg6 hxg6 25. Qxg6 Bf8 26. b4 axb4 27. g4 bxc3
28. gxf5 Rd5 29. f6 Rxe5 30. f7+ Kh8 31. Qh7# 1-0

[Event "AUTO-ELITE-809"]
[Site "http://www.queenalice.com/game.php?id=971530"]
[Date "2011.8.11"]
[Round "1"]
[White "Miras"]
[Black "ylisavbots"]
[Result "1/2-1/2"]
[WhiteElo "2394"]
[BlackElo "2434"]

1. e4 c5 2. Nf3 d6 3. d4 cxd4 4. Nxd4 Nf6 5. Nc3 e5 6. Bb5+ Nbd7 7. Nf5 a6 8.
Bxd7+ Qxd7 9. Bg5 Nxe4 10. Nxg7+ Bxg7 11. Nxe4 O-O 12. Qxd6 f6 13. Be3 Qg4 14.
Nc3 Bf5 15. Qd5+ Be6 16. Qxb7 Rab8 17. Qxa6 Bf7 18. O-O Rxb2 19. Rfc1 Rc8 20.
Rab1 Rxb1 21. Rxb1 Rxc3 22. Rb8+ Bf8 23. Bh6 Qd1+ 24. Qf1 Qxf1+ 25. Kxf1 Bc4+
26. Ke1 Kf7 27. Rxf8+ Kg6 28. Kd2 Ra3 29. Rc8 Ba6 30. Bf8 Rxa2 31. Rc7 h5 32.
Rg7+ Kf5 33. Rh7 Kg6 34. Rh6+ Kf7 35. Bb4 Bf1 36. g3 Bg2 37. Rxh5 Be4 38. Rh8
Rxc2+ 39. Ke3 Bf5 40. h4 Rb2 41. Bc3 Rc2 42. Bd2 Rb2 43. f3 Bd7 44. Rh7+ Ke6 45.
Bc3 Rg2 46. Be1 Rb2 47. f4 Rb3+ 48. Kf2 exf4 49. gxf4 Bc6 50. Bd2 Be4 51. Rh6
Rf3+ 52. Ke2 Rb3 53. Be3 Rb2+ 54. Ke1 Rb4 55. Rh8 Kf5 56. Rf8 Ra4 57. Bb6 Ra6
58. Bd4 Bf3 59. Kf2 Bh5 60. Be5 Ra2+ 61. Ke3 Ra3+ 62. Kd4 Ra4+ 63. Kd5 Bf3+ 64.
Kc5 Ra6 65. Kc4 Be2+ 66. Kc3 Bh5 67. Bd4 Ra3+ 68. Kb4 Ra6 69. Kb5 Be2+ 70. Kc5
Bg4 71. Kc4 1/2-1/2

[Event "AUTO-ELITE-809"]
[Site "http://www.queenalice.com/game.php?id=971535"]
[Date "2011.8.11"]
[Round "1"]
[White "Miras"]
[Black "smothered_mate"]
[Result "1-0"]
[WhiteElo "2389"]
[BlackElo "2306"]

1. e4 c6 2. Nc3 d5 3. Nf3 Nf6 4. e5 Ne4 5. d4 Nxc3 6. bxc3 c5 7. Bb5+ Nc6 8. O-O
a6 9. Bxc6+ bxc6 10. Ba3 c4 11. Rb1 Bg4 12. h3 Bf5 13. Bc5 Qa5 14. Qd2 Qc7 15.
Nh4 Bd7 16. Rfe1 h6 17. e6 1-0

[Event "AUTO-ELITE-809"]
[Site "http://www.queenalice.com/game.php?id=971536"]
[Date "2011.8.11"]
[Round "1"]
[White "smothered_mate"]
[Black "Miras"]
[Result "0-1"]
[WhiteElo "2338"]
[BlackElo "2399"]

1. d4 d5 2. Nf3 e6 3. c4 Nf6 4. Nc3 Nbd7 5. Bg5 Bb4 6. e3 c5 7. cxd5 exd5 8.
dxc5 O-O 9. Be2 Bxc3+ 10. bxc3 Nxc5 11. Qd4 Nce4 12. Bxf6 Qxf6 13. Qxf6 Nxf6 14.
Nd4 Bd7 15. f3 Rfc8 16. Kd2 Ne8 17. a4 Rc5 18. a5 Rac8 19. Ra3 Nd6 20. Rb1 Rb8
21. g4 Rf8 22. Bd3 Rfc8 23. h4 h6 24. Rbb3 Rd8 25. h5 Rdc8 26. Ra1 Re8 27. Raa3
Rcc8 28. Ra1 Re5 29. Rab1 Rc7 30. Ra3 Re8 31. Rab3 Re7 32. Rb4 Rc5 33. Nb3 Rc8
34. Nd4 Rce8 35. Nc2 Bc6 36. Ra1 Re5 37. a6 b6 38. Rd4 Ba8 39. Rda4 Rc8 40. Rb4
Bc6 41. Rab1 Rg5 42. Rd4 f5 43. Rg1 fxg4 44. Rdxg4 Rxg4 45. Rxg4 Be8 46. Rd4 Rc5
47. Nb4 Bxh5 48. Nxd5 Nb5 49. Bxb5 Rxb5 50. Ne7+ Kh7 51. Rd7 Bxf3 52. Rxa7 h5
0-1

[Event "AUTO-ELITE-819"]
[Site "http://www.queenalice.com/game.php?id=978072"]
[Date "2011.8.28"]
[Round "1"]
[White "edsDr23"]
[Black "Miras"]
[Result "1-0"]
[WhiteElo "2389"]
[BlackElo "2404"]

1. Nf3 d5 2. d4 c6 3. c4 Nf6 4. g3 Bf5 5. Nc3 dxc4 6. Ne5 Nbd7 7. Nxc4 g6 8. Bg2
Be6 9. Qd3 Bg7 10. O-O O-O 11. Bf4 Nd5 12. Nxd5 cxd5 13. Ne3 Nb6 14. b3 f6 15.
h4 Bf7 16. Ng4 Be6 17. Nh6+ Kh8 18. Rac1 Rc8 19. a4 Qd7 20. Rc5 Bh3 21. Bxh3
Qxh3 22. a5 Na8 23. Qb5 g5 24. Rxc8 Qxc8 25. hxg5 fxg5 26. Bxg5 Qe6 27. Qxb7
Bxh6 28. Bxh6 Qxh6 29. Qxa7 Qe6 30. b4 Qxe2 31. Qc5 Rb8 32. Rc1 Rf8 33. Qc2 Qb5
34. Kg2 Kg7 35. Qd2 Qd7 36. Qg5+ Kf7 37. Rc5 e6 38. b5 Ke8 39. Qc1 Kf7 40. b6
Qb7 41. Rc3 Kg6 42. Rc6 Re8 43. Qc5 Kg7 44. Qb5 Rf8 45. a6 Qf7 46. Qe2 1-0

[Event "AUTO-ELITE-819"]
[Site "http://www.queenalice.com/game.php?id=978073"]
[Date "2011.8.28"]
[Round "1"]
[White "Miras"]
[Black "edsDr23"]
[Result "1/2-1/2"]
[WhiteElo "2411"]
[BlackElo "2382"]

1. e4 e6 2. d4 d5 3. Nd2 c5 4. Ngf3 Nc6 5. Bb5 a6 6. exd5 axb5 7. dxc6 bxc6 8.
dxc5 Bxc5 9. Qe2 Nf6 10. O-O O-O 11. Ne4 Nxe4 12. Qxe4 Qd5 13. Qe2 Qf5 14. Rd1
e5 15. Qxe5 Qxc2 16. Rd2 Qf5 17. Rd1 f6 18. Qxf5 Bxf5 19. Be3 Bxe3 20. fxe3 Be4
21. a3 c5 22. Rac1 c4 23. Rd4 Rfe8 24. Kf2 Kf7 25. Rd6 Rab8 26. Nd2 Bf5 27. Nf3
Rb7 28. Nd4 Be4 29. Ne2 Re5 30. Rcd1 b4 31. axb4 Rxb4 32. R1d2 g5 33. g4 Re7 34.
Nc3 1/2-1/2

[Event "AUTO-ELITE-819"]
[Site "http://www.queenalice.com/game.php?id=978078"]
[Date "2011.8.28"]
[Round "1"]
[White "deltaboy"]
[Black "Miras"]
[Result "1/2-1/2"]
[WhiteElo "2386"]
[BlackElo "2395"]

1. d4 d5 2. c4 dxc4 3. e3 Nf6 4. Bxc4 e6 5. Nc3 a6 6. Nf3 b5 7. Be2 Bb7 8. a3 c5
9. O-O Nc6 10. dxc5 Bxc5 11. b4 Bd6 12. Bb2 O-O 13. Qc2 Rc8 14. Rfd1 Qe7 15.
Rac1 Rfd8 16. Bd3 Ne5 17. Nxe5 Bxe5 18. Qe2 Bb8 19. f3 Qc7 20. g3 Qe7 21. Rd2
Ba7 22. Rcd1 Qc7 23. Be4 Nxe4 24. Nxe4 Rxd2 25. Rxd2 Bd5 26. Kg2 f6 27. Bxf6
Bxe4 28. fxe4 gxf6 29. Qg4+ Kf7 30. Qh4 Rg8 31. e5 Ke8 32. Qxf6 Qe7 33. Rd6 Rf8
34. Qh6 Qf7 35. Rxe6+ Kd7 36. Rd6+ Kc8 37. Kh3 Qf5+ 1/2-1/2

[Event "AUTO-ELITE-693"]
[Site "http://www.queenalice.com/game.php?id=979421"]
[Date "2011.8.31"]
[Round "2"]
[White "Miras"]
[Black "amarkin"]
[Result "1/2-1/2"]
[WhiteElo "2409"]
[BlackElo "2525"]

1. d4 Nf6 2. c4 e6 3. Nf3 d5 4. Bg5 Be7 5. e3 h6 6. Bh4 O-O 7. Nc3 b6 8. Be2 Bb7
9. Bxf6 Bxf6 10. cxd5 exd5 11. O-O Re8 12. b4 Qd6 13. Qb3 c6 14. a4 Nd7 15. a5
b5 16. Bd3 Rad8 17. e4 dxe4 18. Nxe4 Qe6 19. Nxf6+ Nxf6 20. Qxe6 Rxe6 21. Bc2
Nd5 22. Bb3 f6 23. Rfc1 a6 24. Bxd5 Rxd5 25. Ra3 Bc8 26. Re3 Rdd6 27. h3 Kf7 28.
Rce1 Rd8 29. Kh2 g5 30. g4 h5 31. Kg3 h4+ 32. Kh2 Ke7 33. Kg2 Kd6 34. Nd2 Rxe3
35. fxe3 Re8 36. Kf3 f5 37. gxf5 Bxf5 38. Rg1 Rf8 39. Ne4+ Kc7 40. Nxg5 Bxh3+
41. Ke2 Bc8 42. Ne4 h3 43. Nc5 Rh8 44. Kf2 Rf8+ 45. Ke1 Rf3 46. Ke2 h2 47. Rh1
Bg4 48. Nxa6+ Kd6 49. Nc5 Rh3+ 50. Kf2 Bf3 51. Rxh2 Rxh2+ 52. Kxf3 Kd5 53. a6
Rh7 54. Nb7 Rh8 55. Nc5 Kc4 56. Kf4 Kxb4 57. Ke5 Rd8 58. Ke6 Kc4 59. Nd7 Kd3 60.
Kd6 Kxe3 61. Kxc6 Kxd4 62. a7 1/2-1/2

[Event "AUTO-ELITE-693"]
[Site "http://www.queenalice.com/game.php?id=979422"]
[Date "2011.8.31"]
[Round "2"]
[White "amarkin"]
[Black "Miras"]
[Result "1-0"]
[WhiteElo "2533"]
[BlackElo "2410"]

1. e4 c6 2. d4 d5 3. e5 Bf5 4. Bd3 Bxd3 5. Qxd3 e6 6. Ne2 Qb6 7. O-O Qa6 8. Qf3
c5 9. a4 Nc6 10. Nbc3 cxd4 11. Nb5 Qb6 12. Rd1 Bc5 13. Qg4 Kf8 14. Nexd4 a6 15.
Qf4 Nxd4 16. Nxd4 Bxd4 17. Rxd4 Rc8 18. Rb4 Qc7 19. Qe3 Ne7 20. Qb3 Qxc2 21.
Qxc2 Rxc2 22. Rxb7 f6 23. exf6 gxf6 24. b4 Kf7 25. Ba3 Re8 26. b5 axb5 27. axb5
e5 28. b6 Rc3 29. Bb4 Rb3 30. Bc5 d4 31. Rc7 Ke6 32. b7 Rb8 33. Rxe7+ Kd5 34.
Ba3 R8xb7 35. Rxb7 Rxb7 36. Bc1 Ke4 37. Kf1 Kd3 38. Ke1 Rg7 39. g3 h5 40. Ra3+
Kc2 41. Bd2 h4 42. Ke2 hxg3 43. hxg3 e4 44. Ra4 Rd7 45. Ra6 f5 46. Ra5 Rf7 47.
Rd5 d3+ 48. Ke3 Kb3 49. f3 Rg7 50. Rxf5 exf3 51. Rb5+ Kc4 52. Rb4+ Kc5 53. Kxf3
Re7 54. Re4 Rf7+ 55. Ke3 Kd6 56. Kxd3 Kd5 57. Bf4 Rg7 58. Re5+ Kc6 59. Ke3 Rg8
60. Kf3 Kd7 61. g4 Rg6 62. g5 Rg8 63. Kg4 Rg7 64. Ra5 1-0

[Event "AUTO-ELITE-863"]
[Site "http://www.queenalice.com/game.php?id=1006098"]
[Date "2011.11.7"]
[Round "1"]
[White "Miras"]
[Black "kookaburra"]
[Result "1-0"]
[WhiteElo "2395"]
[BlackElo "2194"]

1. e4 c5 2. Nf3 a6 3. c3 d5 4. exd5 Nf6 5. d4 Qxd5 6. Be2 cxd4 7. cxd4 e6 8. Nc3
Qa5 9. O-O Be7 10. Bf4 Nc6 11. Qc2 O-O 12. a3 Bd7 13. b4 Qb6 14. Rfd1 Rac8 15.
Na4 Qd8 16. Nc5 b6 17. Nxd7 Qxd7 18. Bxa6 Nxb4 19. Bxc8 Nxc2 20. Bxd7 Nxa1 21.
Bxe6 Nc2 22. Bb3 Nxa3 23. d5 Nb5 24. d6 Bd8 25. Re1 h6 26. d7 Bc7 27. Bxc7 Nxc7
28. Re7 Rd8 29. Ne5 Ncd5 30. Bxd5 1-0